000 00439nam a2200169Ia 4500
008 221030s9999 xx 000 0 und d
020 _a8187433035
041 _aEnglish
082 _a105.23
_bSha
100 _aA. Sharma ( PR )
245 0 _aModern Electronic Communication ( PR )
_cby A. Sharma ( PR ), R. K. Sinha
260 _bDhanpat Rai Pub
_aIndia
_c2001
300 _a623
650 _aECE
700 _aR. K. Sinha
942 _cBK
999 _c7880
_d7880